01210nam a2200253 a 450000100100000000500170001000800410002704000250006808200200009310000330011324500630014626000430020930000200025259000260027265000280029865000310032670000360035791000380039395201330043195201330056495201180069795201240081599900170093900002650820240412074252.0110322s20uu dr r 000 p spa d aDO-SdBNPbspacBNPHU aRD861.44bC199d1 aCampusano, Ramón A.95358310aDeleite /cRamón A. Campusano ; prólogo Ingrid Moncle. aHigüey :bImpreso Oriental,c[200?]. a26 p. ;c28 cm. aInventariado, 2018/BT 0aPoesía dominicana966 0aLiteratura dominicana.96712aMoncle, Ingrid,epról.953584 aValidado. Control de calidad. MFF 001054708DSaGRbGRcHDd2011-03-22iLF1l0oRD861.44 C199dp26508-30r2020-06-25te. 3w2020-06-25yLFDSZPréstamo en sala 001054708DSaGRbGRcHDd2018-03-19iLF1l0oRD861.44 C199dp26508-40r2020-06-25te. 4w2020-06-25yLFDSZPréstamo en sala 0010718PDaPDbPDcHDd2011-03-22iLF1l0oRD861.44 C199dp26508-10r2020-06-25w2020-06-25yLFPDZNo se presta 0010718PDaPDbPDcHDd2011-03-22iLF1l0oRD861.44 C199dp26508-20r2020-06-25te. 2w2020-06-25yLFPDZNo se presta c26000d26000